|
|
|
|
| LEADER |
01890nam a2200397 a 4500 |
| 001 |
mzk03001057933 |
| 003 |
CZ BrMZK |
| 005 |
20111110140442.0 |
| 007 |
ta |
| 008 |
071207s1779 xr fr|||||00| ||czeod |
| 040 |
|
|
|a BOA001
|b cze
|
| 041 |
1 |
|
|a cze
|h ger
|
| 072 |
|
7 |
|a 094
|x Staré tisky
|2 Konspekt
|9 12
|
| 080 |
|
|
|a (0.068)094
|2 MRF
|
| 100 |
1 |
|
|a Steidele, Raphael Johann,
|d 1737-1823
|7 nlk20020106456
|4 aut
|
| 245 |
1 |
0 |
|a Knjha Babského Vměnj :
|b k pilnému Cžtenj těm, genž sebe w Babském Vměnj cwjčiti, a takowe prospěssné prowozowati chtěgi, vžitečná /
|c kteraužto z Německé Ržečj w Cžeský Gazyk vwedl, a pro snadněgssý Pochopenj w Otáskách, a Odpowědich, neyprw s pjlným Přehlidnutím Předstawených patřjcým téhož Včenj w nowě na Swětlo widal. Jan Augustyn de Wängg, Medicinae Doctor, a Král. Přjseznj Physicus w Kragi Nowo-Bidžowském
|
| 246 |
3 |
|
|a Knihy Potřebního Babského Vměnj, Djl Prwnj O ženských rodicých Audech, a gegich Vžitkách ...
|
| 260 |
|
|
|a Wytisstěné w Králowsk. Hornjm Městě Hor Kutten :
|b v Frantisska Wincencya Korce,
|c 1779
|
| 300 |
|
|
|a [4], 94 s. ;
|c 8°
|
| 500 |
|
|
|a Obsahuje pouze první díl
|
| 500 |
|
|
|a Výzdoba: Ozdobné linky, viněty
|
| 510 |
4 |
|
|a Knihopis,
|c K15689
|
| 561 |
|
|
|a Provenience: [razítko] Kopecký
|
| 561 |
|
|
|a Provenience: [razítko] Majetek Ad. Kopeckého
|
| 563 |
|
|
|a Moderní poloplátěná převazba (Josef Svoboda, knih. Dol. Kounicích)
|
| 655 |
|
7 |
|a staré tisky
|7 fd422076
|2 czenas
|
| 700 |
1 |
|
|a Wängg, Jan Augustin de
|4 trl
|
| 903 |
|
|
|a RP
|
| 910 |
|
|
|a BOA001
|b ST1-0100.177
|
| 978 |
|
|
|b Korec, František Vincenc
|a Kutná Hora
|c 1779
|
| 984 |
|
|
|a Kutná Hora
|b Česko
|
| 985 |
|
|
|a 1751-1800
|
| 990 |
|
|
|a BK
|
| 993 |
|
|
|a Y
|
| 991 |
|
|
|k mzk
|
| 996 |
6 |
|
|b 2619277197
|c ST1-0100.177
|l stud. ST
|r Sklad / do násl. otevíracího dne
|n 0
|w 001058085
|u 000010
|a 1
|e BOA001
|s P
|